| 000 | 01203cam a2200337 a 4500 | ||
|---|---|---|---|
| 001 | 2261 | ||
| 005 | 20231204082848.0 | ||
| 020 | _a9780439475198 | ||
| 040 |
_aDLC _cDLC _dDLC _beng |
||
| 050 | 0 | 0 |
_aPZ7.M76365 _bCr 2003 |
| 082 | 0 | 0 |
_a[FIC] _221 |
| 100 | 1 | _aMontes, Marisa | |
| 245 | 1 | 2 |
_aA crazy mixed-up Spanglish day / _cby Marisa Montes ; illustrated by Joe Cepeda |
| 250 | _aFirst printing, April 2003 | ||
| 260 |
_aNew York : _bScholastic, _c2003 |
||
| 300 |
_a120 pages : _billustrations _c19 cm |
||
| 490 | 1 |
_aGet ready for GabĂ ; _v1 |
|
| 500 | _a"A Little Apple paperback." | ||
| 505 | _aH | ||
| 520 | _aIn Northern California, Maritza Gabriela Morales Mercado struggles to deal with the third grade bully, to control her temper, and to remember to speak Spanish at home and English at school. | ||
| 521 |
_a480 _bLexile |
||
| 521 |
_aH _bRaz-Plus |
||
| 650 | 1 |
_aSchools _vFiction. |
|
| 650 | 1 |
_aBullies and bullying _vFiction. |
|
| 650 | 1 |
_aSpanish language _vFiction. |
|
| 650 | 1 |
_aHispanic Americans _vFiction. |
|
| 650 | 1 |
_aFamily life _zCalifornia _vFiction. |
|
| 700 | 1 |
_aCepeda, Joe _eillustrator |
|
| 906 |
_a7 _bcbc _corignew _d1 _eocip _f20 _gy-gencatlg |
||
| 942 |
_2ddc _cBK _n0 |
||
| 999 |
_c2261 _d2261 |
||